Sports Quiz

Random Sports or NFL Quiz

Name all NFL MVPs Quiz Stats

 Plays Quiz not verified by Sporcle

Support Sporcle.
Go Orange.
Score 0/60 Timer 07:00
0 Plays Today
Year Answer % Correct
2016Matt Ryan
98.3%
2015Cam Newton
98.3%
2014Aaron Rodgers
98.3%
2013Peyton Manning
98.3%
2011Aaron Rodgers
98.3%
2010Tom Brady
98.3%
2009Peyton Manning
98.3%
2008Peyton Manning
98.3%
2007Tom Brady
98.3%
2004Peyton Manning
98.3%
2001Kurt Warner
98.3%
1999Kurt Warner
98.3%
2003Steve McNair and Peyton Manning
96.7%
1994Steve Young
96.7%
1992Steve Young
96.7%
1997Barry sanders and Brett Favre
95%
1996Brett Favre
95%
1995Brett Favre
95%
1990Joe Montana
95%
1989Joe Montana
95%
2006LaDanian Tomlinson
93.3%
2012Adrian Peterson
91.7%
1993Emmit Smith
91.7%
1984Dan Marino
91.7%
1987John Elway
90%
1965Jim Brown
90%
1957Jim Brown
90%
1972Larry Brown
88.3%
1958Jim Brown and Gino Marchetti
88.3%
1998Terrell Davis
86.7%
Year Answer % Correct
1986Lawrence Taylor
86.7%
2002Rich Gannon
85%
2000Marshall Faulk
85%
1978Terry Bradshaw
85%
1966Bart Starr
85%
1962Jim Taylor
85%
2005Shaun Alexander
83.3%
1967Johnny Unitas
81.7%
1964Johnny Unitas
81.7%
1977Walter Payton
80%
1959Johnny Unitas and Charles Conerly
80%
1988Boomer Esiason
75%
1985Marcus Allen
75%
1983Joe Theisman
75%
1973O.J. Simpson
73.3%
1979Earl Campbell
70%
1974Ken Stabler
68.3%
1975Fran Tarkenton
66.7%
1981Ken Anderson
65%
1963Y.A. Tittle
56.7%
1980Brian Sipe
50%
1961Paul Hornung
46.7%
1976Bert Jones
43.3%
1960Norm Van Brocklin and Joe Schmidt
41.7%
1982Mark Moseley
33.3%
1970John Brodie
31.7%
1969Roman Gabriel
30%
1991Thurman Thomas
28.3%
1968Earl Morrall
26.7%
1971Alan Paige
13.3%

You're not logged in!

Compare scores with friends on all Sporcle quizzes.
OR
Log In

From the Vault

Purple Vegetables

by geshmonkey

Despite their appearance, we can assure you these vegetables are 100% safe to eat...we think.
Remove Ads.
Support Sporcle.
Get the best of Sporcle when you Go Orange. This ad-free experience offers more features, more stats, and more fun while also helping to support Sporcle. Thank you for becoming a member.

Show Comments

Extras

Created Dec 4, 2017SourceReportNominate
Tags:NFL Quiz, MVP, team

Top Quizzes Today


Score Distribution

Your Account Isn't Verified!

In order to create a playlist on Sporcle, you need to verify the email address you used during registration. Go to your Sporcle Settings to finish the process.

Report this User

Report this user for behavior that violates our Community Guidelines.

Details: